Holendrzy w AC Milan - nagła śmierć - Statystyki

Ogólne statystyki
  • Ten quiz został rozwiązany 106 razy
  • Średni wynik to 7 z 12
Answers on the Grid
Answers color-coded by a green-red scale on the quiz's grid according to % correct below.
Ryan Babel
Marco van Basten
Dennis Bergkamp
Ronald de Boer
Mark van Bommel
Hans van Breukelen
Edgar Davids
Urby Emanuelson
Ruud Gullit
Pierre van Hooijdonk
Klaas-Jan Huntelaar
Nigel de Jong
Patrick Kluivert
Ronald Koeman
Ruud van Nistelrooy
Marc Overmars
Frank Rijkaard
Tijjani Reijnders
Arjen Robben
Clarence Seedorf
Wesley Sneijder
Jaap Stam
Rafael van der Vaart
Georginio Wijnaldum
 
Statystyki odpowiedzi
Odpowiedź % Poprawnych
Marco van Basten
83%
Clarence Seedorf
74%
Ruud Gullit
72%
Frank Rijkaard
64%
Tijjani Reijnders
61%
Mark van Bommel
58%
Jaap Stam
57%
Edgar Davids
54%
Patrick Kluivert
51%
Nigel de Jong
49%
Klaas-Jan Huntelaar
47%
Urby Emanuelson
33%
Nie znaleziono quizów pasujących do podanych kryteriów
Rozkład punktacji
Procent ludzi z każdym wynikiem
Percentyl według liczby udzielonych odpowiedzi
Twoja historia wyników
Nie rozwiązałeś tego quizu